<?xml version="1.0" encoding="UTF-8"?>
<record
    xmlns:xsi="http://www.w3.org/2001/XMLSchema-instance"
    xsi:schemaLocation="http://www.loc.gov/MARC21/slim http://www.loc.gov/standards/marcxml/schema/MARC21slim.xsd"
    xmlns="http://www.loc.gov/MARC21/slim">

  <leader>00587cam#a2200229#i#4500</leader>
  <controlfield tag="001">NOT1764883594017</controlfield>
  <controlfield tag="003">OSt</controlfield>
  <controlfield tag="005">20260513020007.0</controlfield>
  <controlfield tag="007">ta</controlfield>
  <controlfield tag="008">251204s2026    quc              #  fre</controlfield>
  <controlfield tag="009">1</controlfield>
  <datafield tag="020" ind1=" " ind2=" ">
    <subfield code="a">9782898634833</subfield>
  </datafield>
  <datafield tag="024" ind1="3" ind2=" ">
    <subfield code="a">9782898634833</subfield>
  </datafield>
  <datafield tag="035" ind1=" " ind2=" ">
    <subfield code="a">(BTLF)NOT1764883594017</subfield>
  </datafield>
  <datafield tag="040" ind1=" " ind2=" ">
    <subfield code="a">BTLF</subfield>
    <subfield code="b">fre</subfield>
    <subfield code="e">rda</subfield>
    <subfield code="c">BTLF</subfield>
    <subfield code="d">SQTD</subfield>
  </datafield>
  <datafield tag="082" ind1="0" ind2=" ">
    <subfield code="a">GAG</subfield>
    <subfield code="2">23</subfield>
  </datafield>
  <datafield tag="100" ind1="1" ind2=" ">
    <subfield code="a">Gagnon-Roberge, Sophie</subfield>
    <subfield code="e">auteur</subfield>
    <subfield code="9">1058397a</subfield>
    <subfield code="8">692113a</subfield>
  </datafield>
  <datafield tag="245" ind1="1" ind2="0">
    <subfield code="a">Apparence /</subfield>
    <subfield code="c">Sophie Gagnon-Roberge</subfield>
  </datafield>
  <datafield tag="490" ind1="0" ind2=" ">
    <subfield code="a">Petits meurtres entre amis</subfield>
  </datafield>
  <datafield tag="650" ind1="1" ind2="7">
    <subfield code="2">thema</subfield>
    <subfield code="9">1</subfield>
  </datafield>
  <datafield tag="942" ind1=" " ind2=" ">
    <subfield code="2">ddc</subfield>
    <subfield code="c">BK</subfield>
    <subfield code="0">1</subfield>
  </datafield>
  <datafield tag="999" ind1=" " ind2=" ">
    <subfield code="c">43612</subfield>
    <subfield code="d">43612</subfield>
  </datafield>
  <datafield tag="952" ind1=" " ind2=" ">
    <subfield code="0">0</subfield>
    <subfield code="1">0</subfield>
    <subfield code="2">ddc</subfield>
    <subfield code="4">0</subfield>
    <subfield code="7">0</subfield>
    <subfield code="a">MAIN</subfield>
    <subfield code="b">MAIN</subfield>
    <subfield code="d">2026-04-23</subfield>
    <subfield code="l">1</subfield>
    <subfield code="o">GAG</subfield>
    <subfield code="p">209029</subfield>
    <subfield code="r">2026-05-13 14:03:51</subfield>
    <subfield code="s">2026-05-12</subfield>
    <subfield code="w">2026-04-23</subfield>
    <subfield code="y">BK</subfield>
  </datafield>
</record>
